000 nam a22 a 4500
999 _c4016
_d4016
003 AKMAL
005 20170524155542.0
008 170524s2005 my | e | f000 p may d
040 _aAKMAL
_cAKMAL
082 0 4 _a899.231008 MEL
_222
090 _a899.231008
_bMEL
245 0 0 _aMelaka di sini segalanya :
_bkumpulan puisi : 150 puisi pilihan Sayembara Puisi Melaka 2005 /
_cpenyelenggara Rusdi Abd. Rahman, Azura Mohd. Halid
246 3 0 _a150 puisi pilihan Sayembara Puisi Melaka 2005
246 3 _aSeratus lima puluh puisi pilihan Sayembara Puisi Melaka 2005
260 _aJohor Bahru :
_bDewan Bahasa dan Pustaka Wilayah Selatan,
_c2005
300 _aviii, 63ms. ;
_c21cm.
650 1 4 _aSajak
_97738
650 2 0 _aMalay poetry
_97739
700 0 _aRusdi Abd. Rahman
_97874
700 0 _aAzura Mohd. Halid
_97875
942 _2ddc
_cBOOK